জীববিজ্ঞান প্রথম পত্র একাদশ-দ্বাদশ শ্রেণি / (Record no. 5521)
[ view plain ]
| 000 -LEADER | |
|---|---|
| fixed length control field | 00768nam a2200229 a 4500 |
| 001 - CONTROL NUMBER | |
| JCCL Control Number | 5521 |
| 003 - CONTROL NUMBER IDENTIFIER | |
| JCCL marc code | BD-JhCC |
| 005 - DATE AND TIME OF LATEST TRANSACTION | |
| control field | 20221031134023.0 |
| 008 - FIXED-LENGTH DATA ELEMENTS--GENERAL INFORMATION | |
| fixed length control field | 171214s2013 bg a|||| ||a| 000 0 ben d |
| 035 ## - SYSTEM CONTROL NUMBER | |
| system control number | (BD-JhCC)5521 |
| 040 ## - CATALOGING SOURCE | |
| Original cataloging agency | BD-JhCC |
| Modifying agency | BD-JhCC |
| 041 ## - LANGUAGE CODE | |
| Language code of Book | ben |
| 082 ## - DEWEY DECIMAL CLASSIFICATION NUMBER | |
| Classification number | 570 |
| Author mark and Year | AZM 2013 |
| 100 ## - MAIN ENTRY--PERSONAL NAME | |
| Personal name | আজমল, গাজী |
| 245 ## - TITLE STATEMENT | |
| Title | জীববিজ্ঞান প্রথম পত্র একাদশ-দ্বাদশ শ্রেণি / |
| Statement of responsibility, etc | গাজী আজমল, সফিউর রহমান |
| 260 ## - PUBLICATION, DISTRIBUTION, ETC. (IMPRINT) | |
| Place of publication, distribution, etc | ঢাকা : |
| Name of publisher, distributor, etc | গাজী পাবলিশার্স, |
| Date of publication, distribution, etc | 2013. |
| 300 ## - PHYSICAL DESCRIPTION | |
| Pagination | 296 p. : |
| Dimensions | 24 cm. |
| Other physical details | illu; |
| 650 ## - SUBJECT ADDED ENTRY--TOPICAL TERM | |
| Topical term or geographic name as entry element | Biology |
| 700 ## - ADDED ENTRY--PERSONAL NAME | |
| Personal name | রহমান, সফিউর |
| 942 ## - ADDED ENTRY ELEMENTS (KOHA) | |
| Source of classification or shelving scheme | Dewey Decimal Classification |
| Koha item type | Books |
| Koha issues (borrowed), all copies | 2 |
| Source of classification or shelving scheme | Damaged status | Not for loan | Home library | Current library | Shelving location | Date of accession | Cost, normal purchase price | Total Checkouts | Full call number | Barcode | Date last seen | Copy number | Koha item type | Date checked out |
|---|---|---|---|---|---|---|---|---|---|---|---|---|---|---|
| Dewey Decimal Classification | JCC Rouf Library | JCC Rouf Library | General Stacks | 12/17/2017 | 126.00 | 570 AZM 2013 | 7597 | 12/17/2017 | C-1 | Books | ||||
| Dewey Decimal Classification | JCC Rouf Library | JCC Rouf Library | General Stacks | 02/12/2018 | 102.00 | 570 AZM 2013 | 10095 | 02/12/2018 | C-2 | Books | ||||
| Dewey Decimal Classification | JCC Rouf Library | JCC Rouf Library | General Stacks | 02/12/2018 | 102.00 | 1 | 570 AZM 2013 | 10217 | 07/11/2024 | C-3 | Books | 07/01/2024 | ||
| Dewey Decimal Classification | JCC Rouf Library | JCC Rouf Library | General Stacks | 08/28/2019 | 181.00 | 4 | 570 AZM 2019 | 15540 | 02/22/2025 | C-4 | Books | 01/23/2025 | ||
| Dewey Decimal Classification | JCC Rouf Library | JCC Rouf Library | General Stacks | 08/28/2019 | 181.00 | 5 | 570 AZM 2019 | 15539 | 09/04/2025 | C-5 | Books | 06/16/2025 | ||
| Dewey Decimal Classification | JCC Rouf Library | JCC Rouf Library | General Stacks | 08/28/2019 | 181.00 | 4 | 570 AZM 2019 | 15538 | 02/08/2026 | C-6 | Books | 10/12/2025 |